| 000 | 00912nam a22002417i 4500 | ||
|---|---|---|---|
| 999 |
_c22886 _d22886 |
||
| 003 | AR-CdUCM | ||
| 008 | 240509b20242024 pe||||| |||| 00| 0 spa d | ||
| 040 |
_aMUNICIPALIDAD PROVINCIAL DEL CUSCO _cBIBLIOTECA MUNICIPAL DEL CUSCO |
||
| 082 |
_a869.51 / A48D _bA48D |
||
| 100 |
_aAlvarado, Javier. _94415 |
||
| 245 |
_aLa divina senda del sastre: _bcamino de gozo a Nicolás Ayllón / |
||
| 260 |
_aLima : _bMonasterio de Jesús, María y José, _c2024 |
||
| 300 |
_a140 páginas. : _c20 cm. |
||
| 650 |
_aDe Chiclayo parte el Divino Gozo _949781 |
||
| 650 |
_aLos canturreos _949782 |
||
| 650 |
_aMilagro del Rio Santa _949783 |
||
| 650 |
_aEl divino oficio de sastre _949784 |
||
| 650 |
_aApuntes para una hagiografía _949785 |
||
| 650 |
_aMuerte de Nicolás Ayllón y amparo de la Inmaculada Concepción _949786 |
||
| 650 |
_aSanta Clara de Asís _949787 |
||
| 942 |
_2ddc _cLIBROS |
||
| 945 |
_apbj _d2024-05-09 |
||